01642nam a2200481 i 450000100060000000300090000600500170001500800390003201500190007102000150009003500230010503500360012803500140016403500210017803500230019903500440022204000280026608000120029408000150030608000100032108000120033124501410034325000170048426000510050130000340055233600270058633700540061333800280066738000160069538000270071138500390073838800140077738800140079164800140080565000300081965100110084965500350086065800340089565000310092970000340096071000680099485600980106224814KOSZ 00520221227131821.0020729s1995 pl a f |000 0 pol aUWD 2002/15583 a8386689161 a991018641109705066 a(PL-WaBN)b15055152-48omnis_nlop ab15055152 a(OCoLC)749420772 a(PL)b0000001505515 a(EXLNZ-48OMNIS_NETWORK)9910260700105606 aWA NcWA NdKOSZ 005/EG a351/353 a"1989/..." a(438) a(075.8)00aGospodarka miejska :bwybrane zagadnienia gospodarki samorządu terytorialnego : praca zbiorowa.nCz. 2 /cpod red. Elżbiety Dżbik. aWyd. 2 popr. aWarszawa :bSzkoła Główna Handlowa,c1995. a183 s. :bil., mapy ;c24 cm. aTekstbtxt2rdacontent aBez urządzenia pośredniczącegobn2rdamedia aWoluminbnc2rdacarrier aKsiążki aPublikacje dydaktyczne mPoziom nauczaniaaSzkoły wyższe a1901-2000 a1989-2000 a1989-2000 7aGospodarka komunalna2DBN 7aPolska 7aPodręczniki akademickie2DBN aGospodarka, ekonomia, finanse 7aGospodarka regionalna2DBN1 aDżbik, ElżbietaeRedakcja2 aOficyna Wydawnicza (Szkoła Główna Handlowa ; Warszawa)4pbl uhttp://koha.tu.koszalin.pl/cgi-bin/koha/opac-detail.pl?biblionumber=24814yKatalog online BPK